[Event "OLNN 1718 Johanneum Eppendorf - Schachf"]
[Site "?"]
[Date "2018.02.25"]
[Round "7.8"]
[White "Keyser, Robin"]
[Black "Weyrich, Morten"]
[Result "0-1"]
[WhiteElo "2081"]
[BlackElo "2273"]
[PlyCount "110"]
[EventDate "2018.??.??"]

1. d4 d5 2. c4 e6 3. Nf3 Nf6 4. g3 Be7 5. Bg2 O-O 6. O-O Nbd7 7. Qc2 b6 8. Nc3
Bb7 9. cxd5 exd5 10. Bf4 c5 11. Rfd1 c4 12. Ne5 Rc8 13. Qa4 a6 14. Nxd7 Nxd7
15. Nxd5 b5 16. Qc2 Bxd5 17. Bxd5 Qb6 18. Bg2 Bf6 19. Be3 Rfe8 20. Kh1 Qd6 21.
Bf4 Qb6 22. Qd2 Rcd8 23. h3 h6 24. b3 cxb3 25. axb3 Qe6 26. Bc7 Rc8 27. d5 Qf5
28. Rac1 Qxf2 29. e4 Qxd2 30. Rxd2 Bg5 31. Rdc2 Bxc1 32. Rxc1 Ne5 33. d6 Red8
34. Rc5 f6 35. h4 Nd7 36. Rd5 Kf7 37. Bh3 Ke8 38. Be6 Ra8 39. Rd2 Rdc8 40. Bd5
Ra7 41. Rc2 a5 42. g4 a4 43. bxa4 bxa4 44. g5 hxg5 45. hxg5 a3 46. gxf6 gxf6
47. Be6 Rb7 48. Ra2 Rb1+ 49. Kg2 Rb2+ 50. Kg3 Rxa2 51. Bxa2 Ra8 52. Kf4 Ra4 53.
Kf5 Rb4 54. Bd5 Rb5 55. Ke6 a2 0-1

[Event "OLNN 1718 SC Diogenes - SV Bargteheide"]
[Site "?"]
[Date "2018.02.25"]
[Round "7.1"]
[White "Fries-Nielsen, Jens Ove"]
[Black "Schulenburg, Fabian"]
[Result "1/2-1/2"]
[WhiteElo "2349"]
[BlackElo "2244"]
[PlyCount "111"]
[EventDate "2018.??.??"]

1. d3 g6 2. f4 Bg7 3. Nf3 d5 4. c3 Nh6 5. Qc2 O-O 6. e4 Nc6 7. Be2 e5 8. O-O
dxe4 9. dxe4 exf4 10. Bxf4 Ng4 11. h3 Nge5 12. Nbd2 Qe7 13. Kh1 b6 14. Bg5 f6
15. Bf4 Bb7 16. Nd4 Kh8 17. Rae1 Rad8 18. N2b3 Nb8 19. a4 c5 20. Nb5 Nbc6 21.
Na3 Qe6 22. Nd2 Na5 23. Nb5 a6 24. Nc7 Qc8 25. Bxe5 fxe5 26. Rxf8+ Rxf8 27. Nd5
Qd8 28. Nf3 c4 29. Rd1 Qd6 30. Ng5 h6 31. Nf3 Qc5 32. Qd2 Kh7 33. Qe1 Bc6 34.
Qh4 Bxa4 35. Ng5+ Kh8 36. Ne6 Qd6 37. Nxf8 Bxd1 38. Nxg6+ Qxg6 39. Bxd1 Nb7 40.
Qe7 Qc6 41. Bh5 b5 42. Bf7 Qc8 43. Be6 Qb8 44. Bf5 Nd6 45. Qe6 Qd8 46. Kh2 a5
47. Ne7 b4 48. Ng6+ Kh7 49. Nf8+ Kh8 50. Ng6+ Kh7 51. Nxe5+ Nxf5 52. Qxf5+ Kg8
53. Qe6+ Kh7 54. Qf5+ Kg8 55. Qe6+ Kh7 56. Qf5+ {(=)} 1/2-1/2

[Event "OLNN 1718 SC Diogenes - SV Bargteheide"]
[Site "?"]
[Date "2018.02.25"]
[Round "7.2"]
[White "Korba, Roman"]
[Black "Light, Bjarne"]
[Result "0-1"]
[WhiteElo "2157"]
[BlackElo "2199"]
[PlyCount "108"]
[EventDate "2018.??.??"]

1. d4 Nf6 2. c3 d5 3. Bf4 Bf5 4. e3 e6 5. Qb3 Qc8 6. Nf3 Be7 7. Nbd2 h6 8. c4
O-O 9. Bd3 Bxd3 10. Qxd3 c5 11. O-O Nc6 12. Rac1 Rd8 13. dxc5 Bxc5 14. Nb3 Bd6
15. Bxd6 Rxd6 16. a3 Qf8 17. Rfd1 e5 18. cxd5 e4 19. Qf1 Rxd5 20. Rxd5 Nxd5 21.
Nfd2 Qe7 22. Qc4 Nf6 23. Nc5 Ne5 24. Qf1 Rd8 25. Qe2 b6 26. Ncxe4 Nxe4 27. Nxe4
Nd3 28. Rc4 Nxb2 29. Rd4 Rxd4 30. exd4 Qxa3 31. h4 Qd3 32. Qxb2 Qxe4 33. g3 Qd5
34. Qe2 a5 35. Qe8+ Kh7 36. h5 Qxh5 37. Qd7 Qf3 38. d5 a4 39. d6 a3 40. Qa4 Qd3
41. d7 b5 42. Qa7 a2 43. Kh2 a1=Q 44. Qxa1 Qxd7 45. Qb1+ g6 46. Qb3 Kg8 47. f4
h5 48. Qb4 Qd5 49. Qe7 Qe6 50. Qd8+ Kh7 51. Qf8 Qc4 52. Kh3 b4 53. Qb8 b3 54.
Kh4 Qe6 0-1

[Event "OLNN 1718 SC Diogenes - SV Bargteheide"]
[Site "?"]
[Date "2018.02.25"]
[Round "7.3"]
[White "Wolter, Jens"]
[Black "Schulenburg, Torben"]
[Result "1/2-1/2"]
[WhiteElo "2158"]
[BlackElo "2185"]
[PlyCount "107"]
[EventDate "2018.??.??"]

1. e4 e6 2. d4 d5 3. e5 c5 4. c3 Nc6 5. Be3 Nge7 6. Nf3 Nf5 7. Be2 Be7 8. O-O
Nxe3 9. fxe3 O-O 10. Bd3 f5 11. exf6 Rxf6 12. Nbd2 Bd7 13. e4 Qb6 14. e5 Rh6
15. Qb3 Qxb3 16. axb3 cxd4 17. cxd4 Nb4 18. Be2 g5 19. h3 Rg6 20. Rac1 Bd8 21.
Nb1 Bb6 22. g4 Rf8 23. Kg2 Rg7 24. Nc3 Rf4 25. Rfd1 a6 26. Na4 Bxa4 27. bxa4 h6
28. Rc8+ Rf8 29. Rdc1 Rgf7 30. Rxf8+ Rxf8 31. Rc3 Kf7 32. Rb3 a5 33. Kf2 Ke7
34. Ke3 Rf4 35. Bd3 Kd8 36. Bh7 Kd7 37. Bg6 Kc7 38. Rc3+ Nc6 39. Be8 Rf8 40.
Bxc6 bxc6 41. Rc2 Kd7 42. Nd2 Kc7 43. Rc1 Rf4 44. Nb3 Re4+ 45. Kd3 Rf4 46. Ke3
Rf8 47. Ke2 Rf7 48. Rf1 Rxf1 49. Kxf1 Kb7 50. Ke2 Kc7 51. Kd3 Kb7 52. Nc5+ Bxc5
53. dxc5 Ka7 54. Ke3 {(=)} 1/2-1/2

[Event "OLNN 1718 SC Diogenes - SV Bargteheide"]
[Site "?"]
[Date "2018.02.25"]
[Round "7.4"]
[White "Stephan, Axel"]
[Black "Wollenweber, Carsten"]
[Result "1-0"]
[WhiteElo "2208"]
[BlackElo "2073"]
[PlyCount "147"]
[EventDate "2018.??.??"]

1. Nf3 Nf6 2. c4 c6 3. Nc3 d6 4. e4 e5 5. d4 Nbd7 6. Be2 Be7 7. O-O Qc7 8. d5
c5 9. Ne1 h6 10. Nd3 g5 11. a3 Nf8 12. b4 b6 13. Nb5 Qb8 14. bxc5 bxc5 15. Qc2
a6 16. Nc3 Ng6 17. Bd2 Bd7 18. Rfb1 Qc7 19. Rb3 O-O 20. Rab1 Rfb8 21. g3 Kh7
22. Ne1 Rxb3 23. Qxb3 Ra7 24. Qb8 Bd8 25. Bd3 Qxb8 26. Rxb8 Bc7 27. Rb2 Ba5 28.
Nc2 Kg7 29. Ne3 Ne7 30. Nb1 Bxd2 31. Nxd2 Bc8 32. Bc2 Rb7 33. Rxb7 Bxb7 34. Nb3
Bc8 35. f3 h5 36. Nc1 Ng6 37. Ne2 Bd7 38. Nc3 g4 39. Bd1 gxf3 40. Bxf3 h4 41.
Bd1 Kh6 42. Bc2 Kg5 43. Nb1 Ng4 44. Nxg4 Bxg4 45. Nd2 Ne7 46. Kg2 hxg3 47. hxg3
Nc8 48. Kf2 Nb6 49. Bb3 Bh5 50. Bc2 Nd7 51. a4 Nf6 52. a5 Ng4+ 53. Kg1 Ne3 54.
Ba4 Bg4 55. Bc6 Bc8 56. Kf2 Nc2 57. Nf3+ Kg4 58. Ba4 Nb4 59. Bd1 Nd3+ 60. Kg2
Nb2 61. Be2 f5 62. Nxe5+ Kg5 63. Nf7+ Kf6 64. Nxd6 Bd7 65. Nb7 Na4 66. Bd1 Nc3
67. Bc2 fxe4 68. Nxc5 Bf5 69. g4 Bg6 70. d6 Bh7 71. g5+ Kf7 72. Nxa6 Ke6 73. c5
Nd5 74. Bb3 1-0

[Event "OLNN 1718 SC Diogenes - SV Bargteheide"]
[Site "?"]
[Date "2018.02.25"]
[Round "7.5"]
[White "zum Felde, Michael"]
[Black "Gottuk, Stefan"]
[Result "0-1"]
[WhiteElo "2128"]
[BlackElo "2180"]
[PlyCount "86"]
[EventDate "2018.??.??"]

1. e4 d6 2. Nf3 Nf6 3. d3 g6 4. Be2 Bg7 5. O-O O-O 6. Be3 c5 7. Nc3 Nc6 8. Qd2
Rb8 9. d4 cxd4 10. Nxd4 a6 11. f3 Nxd4 12. Bxd4 b5 13. Nd5 Nxd5 14. Bxg7 Kxg7
15. Qxd5 Qb6+ 16. Kh1 Be6 17. Qd2 a5 18. f4 f6 19. a3 Rfc8 20. Bd3 Bc4 21. e5
Qd4 22. exd6 Qxd6 23. Rf3 a4 24. Re1 Rc7 25. Qa5 Bxd3 26. Rxd3 Qxf4 27. c3 Qc4
28. Rd4 Qc5 29. Rd5 Qc6 30. Rd4 Rd7 31. Red1 Rxd4 32. Rxd4 Ra8 33. Qb4 Kf7 34.
h3 Rc8 35. Rh4 h5 36. Rd4 Qc5 37. Qa5 Qe5 38. Qa7 Rc5 39. Qb7 Qe1+ 40. Kh2 Qe5+
41. Kh1 Qe1+ 42. Kh2 Re5 43. Rd3 Qe2 0-1

[Event "OLNN 1718 SC Diogenes - SV Bargteheide"]
[Site "?"]
[Date "2018.02.25"]
[Round "7.6"]
[White "Woelk, Tom-Frederic"]
[Black "Porth, Hartmut"]
[Result "1-0"]
[WhiteElo "2117"]
[BlackElo "2116"]
[PlyCount "143"]
[EventDate "2018.??.??"]

1. e4 e6 2. d4 d5 3. Nc3 dxe4 4. Nxe4 Bd7 5. Nf3 Bc6 6. Bd3 Nd7 7. O-O Ngf6 8.
Qe2 Nxe4 9. Bxe4 Bxe4 10. Qxe4 c6 11. c4 Be7 12. Bf4 O-O 13. Rfd1 Nf6 14. Qe2
Re8 15. Rab1 Qa5 16. Qc2 Rad8 17. Bd2 Qh5 18. a4 Bd6 19. Bc3 Ng4 20. h3 Nh6 21.
a5 Bb8 22. Rd3 f6 23. Re1 Nf7 24. Rde3 e5 25. Qe2 Nd6 26. dxe5 fxe5 27. Bxe5
Nf5 28. Re4 Nh6 29. Bxb8 Rxe4 30. Qxe4 Rxb8 31. a6 Qf5 32. Qd4 b6 33. Qd6 Rc8
34. Re5 Nf7 35. Qe6 Qxe6 36. Rxe6 Kf8 37. Nd4 Nd8 38. Re4 Rc7 39. Nf5 Rd7 40.
Kh2 c5 41. Kg3 Nc6 42. Re6 Nd4 43. Nxd4 Rxd4 44. Rc6 Rxc4 45. Rc7 Ra4 46. Rxa7
b5 47. Kf3 h6 48. Ke3 Kg8 49. Kd3 Kh7 50. Kc3 Rc4+ 51. Kd3 Rd4+ 52. Kc2 Rc4+
53. Kb1 Ra4 54. b3 Ra5 55. Rb7 Rxa6 56. Rxb5 Rg6 57. g3 Rf6 58. Rxc5 Rxf2 59.
Rc3 h5 60. b4 g5 61. b5 h4 62. g4 Rf8 63. b6 Rb8 64. Rc6 Kg7 65. Kc2 Kf7 66.
Kc3 Ke7 67. Kc4 Kd7 68. Kc5 Re8 69. b7 Re5+ 70. Kb6 Re3 71. Rc7+ Kd6 72. b8=Q
1-0

[Event "OLNN 1718 SC Diogenes - SV Bargteheide"]
[Site "?"]
[Date "2018.02.25"]
[Round "7.7"]
[White "Peterwitz, Klaus"]
[Black "Kilic, Oguz"]
[Result "1-0"]
[WhiteElo "2077"]
[BlackElo "2048"]
[PlyCount "103"]
[EventDate "2018.??.??"]

1. Nf3 Nf6 2. g3 g6 3. Bg2 Bg7 4. d4 O-O 5. O-O d6 6. c4 Nc6 7. Nc3 Nd7 8. Be3
h6 9. Qd2 Kh7 10. Rad1 e5 11. b3 Re8 12. dxe5 dxe5 13. h3 Ne7 14. Qc2 c6 15.
Ne4 Qc7 16. Nd6 Rf8 17. Bc1 Nb6 18. Bb2 f6 19. Nxc8 Raxc8 20. h4 h5 21. Bh3
Rcd8 22. Nd2 Nbc8 23. Ne4 c5 24. Rxd8 Rxd8 25. f4 Nd6 26. fxe5 Nxe4 27. Qxe4 f5
28. Qe3 Nc6 29. Qxc5 Rd2 30. Bc3 Rxe2 31. Rf2 Rxf2 32. Kxf2 Bxe5 33. Bxe5 Qxe5
34. Qxe5 Nxe5 35. Ke3 Kg7 36. Bg2 b6 37. Kd4 Ng4 38. b4 Kf6 39. c5 Ke7 40. cxb6
axb6 41. a4 Kd6 42. a5 bxa5 43. bxa5 Kc7 44. Bd5 Nf6 45. Ke5 Nd7+ 46. Kf4 Kd6
47. Bf7 Ne5 48. Be8 Nc4 49. a6 Kc7 50. Bxg6 Kb6 51. Bxf5 Kxa6 52. Bd3 1-0

[Event "OLNN 1718 SC Diogenes - SV Bargteheide"]
[Site "?"]
[Date "2018.02.25"]
[Round "7.8"]
[White "Schoenwolff, Kai"]
[Black "Brodmann, Anton"]
[Result "1-0"]
[WhiteElo "2012"]
[BlackElo "1968"]
[PlyCount "65"]
[EventDate "2018.??.??"]

1. Nc3 d5 2. d4 g6 3. Bf4 Bg7 4. Qd2 Bf5 5. f3 Nf6 6. g4 Be6 7. Bh6 Bxh6 8.
Qxh6 Nc6 9. O-O-O Na5 10. e3 c6 11. Nh3 b5 12. Nf4 Bd7 13. g5 Nh5 14. Nxh5 gxh5
15. Qg7 Rf8 16. Qxh7 Nc4 17. Bxc4 bxc4 18. g6 Bf5 19. gxf7+ Rxf7 20. Qxh5 e6
21. Rhg1 Ke7 22. e4 Bh7 23. exd5 cxd5 24. Rde1 Bf5 25. Re5 Qh8 26. Qg5+ Kd6 27.
Qf4 Kc6 28. Nxd5 Raf8 29. Nb4+ Kb7 30. Rb5+ Ka8 31. Qd6 Qh6+ 32. Kb1 Be4 33. d5
1-0

[Event "OLNN 1718 Schachfreunde Hamburg - SV Ba"]
[Site "?"]
[Date "2018.03.18"]
[Round "8.1"]
[White "Fries-Nielsen, Jens Ove"]
[Black "Sawatzki, Frank"]
[Result "1-0"]
[WhiteElo "2359"]
[BlackElo "2392"]
[PlyCount "72"]
[EventDate "2018.??.??"]

1. d4 d5 2. Nc3 Nf6 3. Bf4 a6 4. Qd3 e6 5. e4 Be7 6. e5 Nfd7 7. Qg3 g5 8. Be3
c5 9. Nf3 cxd4 10. Nxd4 Nc6 11. Nf3 g4 12. Qxg4 Ndxe5 13. Nxe5 Nxe5 14. Qh5 Ng6
15. O-O-O Qc7 16. Be2 Bd7 17. g3 Rc8 18. f4 b5 19. Bd3 b4 20. Ne2 Bb5 21. Nd4
Bxd3 22. Rxd3 Bf6 23. Qe2 O-O 24. Kb1 Rfe8 25. Rf1 a5 26. f5 exf5 27. Nxf5 Qe5
28. Nh6+ Kg7 29. Rb3 d4 30. Ng4 Qh5 31. Qf3 dxe3 32. Qxf6+ Kg8 33. Qxf7+ Kh8
34. Qf6+ Kg8 35. Rxe3 Rf8 36. Qe6+ Kh8 1-0

[Event "OLNN 1718 Schachfreunde Hamburg - SV Ba"]
[Site "?"]
[Date "2018.03.18"]
[Round "8.2"]
[White "Bokelbrink, Uwe"]
[Black "Light, Bjarne"]
[Result "1-0"]
[WhiteElo "2300"]
[BlackElo "2201"]
[PlyCount "79"]
[EventDate "2018.??.??"]

1. e4 c5 2. Nf3 Nc6 3. Bb5 e6 4. O-O Nge7 5. b3 a6 6. Bxc6 Nxc6 7. Bb2 b5 8. d3
f6 9. Nh4 Qe7 10. f4 Qf7 11. Nd2 Be7 12. a4 Bb7 13. f5 O-O 14. Qg4 e5 15. Rf3
Rfd8 16. Rh3 Nd4 17. Ng6 hxg6 18. fxg6 Qe6 19. Qh5 Kf8 20. Bxd4 cxd4 21. Rf1
Ke8 22. Qh8+ Bf8 23. Nf3 Ke7 24. Nh4 Kd6 25. Nf5+ Kc7 26. Rh7 Bc6 27. h4 bxa4
28. bxa4 Qa2 29. Rf2 Rab8 30. Kh2 Rb1 31. Nxg7 Bxg7 32. Qxg7 Qa1 33. Qxf6 Rh1+
34. Kg3 Re8 35. Rh8 Re6 36. Qd8+ Kd6 37. Qf8+ Re7 38. Rf6+ Kc5 39. Qxe7+ Kb6
40. Qb4+ 1-0

[Event "OLNN 1718 Schachfreunde Hamburg - SV Ba"]
[Site "?"]
[Date "2018.03.18"]
[Round "8.3"]
[White "Wolter, Jens"]
[Black "Hermesmann, Hans"]
[Result "0-1"]
[WhiteElo "2151"]
[BlackElo "2242"]
[PlyCount "82"]
[EventDate "2018.??.??"]

1. e4 g6 2. d4 Bg7 3. Nc3 d6 4. Be3 a6 5. a4 b6 6. Bc4 e6 7. Nf3 Ne7 8. Qd2 h6
9. O-O Nd7 10. Rfe1 Bb7 11. Rad1 Nf6 12. Bd3 g5 13. Qe2 Nd7 14. Nd2 Nc6 15. d5
Nce5 16. dxe6 fxe6 17. Qh5+ Ke7 18. Nc4 Qe8 19. Qe2 Qg6 20. Qd2 g4 21. Kh1 Nxc4
22. Bxc4 Be5 23. Bd4 Bxd4 24. Qxd4 Ne5 25. Bd3 c5 26. Qe3 Qg5 27. Bf1 Raf8 28.
Qd2 Qxd2 29. Rxd2 Rf4 30. Red1 Rd8 31. Re1 h5 32. b3 h4 33. g3 Rf6 34. Rde2 h3
35. Rd1 Rdf8 36. f4 gxf3 37. Red2 f2 38. Rxd6 Rf3 39. Rxb6 Bc6 40. Nd5+ exd5
41. exd5 Re3 0-1

[Event "OLNN 1718 Schachfreunde Hamburg - SV Ba"]
[Site "?"]
[Date "2018.03.18"]
[Round "8.4"]
[White "Ritscher, Jan-Paul"]
[Black "Porth, Hartmut"]
[Result "1-0"]
[WhiteElo "2209"]
[BlackElo "2115"]
[PlyCount "53"]
[EventDate "2018.??.??"]

1. d4 d5 2. Bf4 Nc6 3. e3 Nf6 4. Nf3 Bg4 5. h3 Bh5 6. c3 e6 7. Bb5 Bd6 8. g4
Bg6 9. Qa4 O-O 10. Bxd6 cxd6 11. Nbd2 Ne4 12. h4 Nxd2 13. Nxd2 f5 14. Bd3 e5
15. Qb3 e4 16. Be2 Ne7 17. h5 Bf7 18. O-O-O Qa5 19. Rdg1 b5 20. gxf5 Nxf5 21.
Rg5 Ne7 22. Rhg1 Kh8 23. Rxg7 Rg8 24. Rxg8+ Bxg8 25. Qxb5 Qxa2 26. Qb7 Re8 27.
Bb5 1-0

[Event "OLNN 1718 Schachfreunde Hamburg - SV Ba"]
[Site "?"]
[Date "2018.03.18"]
[Round "8.5"]
[White "Peterwitz, Klaus"]
[Black "Kluenger, Marc"]
[Result "0-1"]
[WhiteElo "2083"]
[BlackElo "2194"]
[PlyCount "78"]
[EventDate "2018.??.??"]

1. Nf3 d5 2. g3 Nf6 3. Bg2 Bg4 4. d4 e6 5. Nbd2 Bd6 6. O-O O-O 7. Re1 Nbd7 8.
e4 dxe4 9. Nxe4 Nxe4 10. Rxe4 Bh5 11. Re3 e5 12. dxe5 Nxe5 13. Qe1 Ng4 14. Re2
h6 15. h3 Nf6 16. Be3 Qd7 17. Kh2 Rfe8 18. Bd2 Qb5 19. Be3 Qxb2 20. Rb1 Qxa2
21. Rxb7 Qc4 22. Rd2 Bb4 23. Rd4 Qxd4 24. Rxb4 Qd7 25. Ne5 Qf5 26. Bxa8 Rxa8
27. Nd3 a5 28. Rf4 Qd5 29. Rd4 Qc6 30. Qb1 Bg6 31. Qa2 Bf5 32. Ra4 Be6 33. c4
Rd8 34. Ne5 Qe4 35. Rxa5 Rd1 36. g4 Rh1+ 37. Kg3 Rg1+ 38. Kh4 Nxg4 39. f3 g5+
0-1

[Event "OLNN 1718 Schachfreunde Hamburg - SV Ba"]
[Site "?"]
[Date "2018.03.18"]
[Round "8.6"]
[White "Zimmermann, Martin"]
[Black "Thanisch, Matthias"]
[Result "1/2-1/2"]
[WhiteElo "2137"]
[BlackElo "2023"]
[PlyCount "58"]
[EventDate "2018.??.??"]

1. d4 Nf6 2. Nf3 d5 3. e3 Bf5 4. Be2 h6 5. O-O e6 6. b3 Be7 7. Bb2 O-O 8. Nbd2
Nbd7 9. c4 Ne4 10. Rc1 Ndf6 11. Nxe4 Nxe4 12. Nd2 c6 13. Nxe4 Bxe4 14. Bd3 Bxd3
15. Qxd3 Bf6 16. Rfd1 Qe7 17. Rc2 Rfd8 18. Qe2 Rd7 19. cxd5 exd5 20. Qd3 Re8
21. Bc3 Qe6 22. Bb4 Bd8 23. Bd2 Bc7 24. Re1 Bd6 25. Bc1 Rde7 26. g3 Qh3 27. Rd1
Bb4 28. Qf1 Qf5 29. Rd3 Qf3 1/2-1/2

[Event "OLNN 1718 Schachfreunde Hamburg - SV Ba"]
[Site "?"]
[Date "2018.03.18"]
[Round "8.8"]
[White "Gremmel, Jonas Simon"]
[Black "Ahlers, Knut"]
[Result "0-1"]
[WhiteElo "1882"]
[BlackElo "1672"]
[PlyCount "64"]
[EventDate "2018.??.??"]

1. d4 Nf6 2. Nf3 d5 3. c4 e6 4. Nc3 Bb4 5. Qc2 O-O 6. e3 c6 7. Bd2 Nbd7 8. Bd3
dxc4 9. Bxc4 Re8 10. a3 Bd6 11. O-O h6 12. e4 e5 13. Qb3 Qe7 14. dxe5 Nxe5 15.
Be2 Nfg4 16. Nd4 Nxh2 17. Rfe1 Neg4 18. Nf5 Bxf5 19. exf5 Qh4 20. Bxg4 Nxg4 21.
Be3 Bh2+ 22. Kf1 Rxe3 23. Qc2 Rxe1+ 24. Rxe1 Bc7 25. f3 Qh1+ 26. Ke2 Re8+ 27.
Ne4 Qxg2+ 28. Kd1 Qxf3+ 29. Kc1 Ba5 30. Qe2 Qf4+ 31. Kb1 Bxe1 32. f6 Qxe4+ 0-1

[Event "OLNN 1718 Schachfreunde Schwerin - SC D"]
[Site "?"]
[Date "2018.03.18"]
[Round "8.1"]
[White "Schulenburg, Fabian"]
[Black "Danielsen, Henrik"]
[Result "0-1"]
[WhiteElo "2251"]
[BlackElo "2498"]
[PlyCount "120"]
[EventDate "2018.??.??"]

1. e4 d6 2. Nc3 Nf6 3. d4 e5 4. dxe5 dxe5 5. Qxd8+ Kxd8 6. Bg5 Be7 7. O-O-O+
Nbd7 8. Bc4 Ke8 9. f3 c6 10. a4 a6 11. Nge2 b5 12. Bb3 Nc5 13. Be3 Nxb3+ 14.
cxb3 Be6 15. Kc2 Rc8 16. Nc1 Nd7 17. Nd3 f6 18. Ra1 a5 19. Nb1 Kf7 20. Nd2 Rhd8
21. Rhc1 Ra8 22. Kd1 Ra6 23. Ke2 Bd6 24. Rc2 Rb8 25. Rac1 bxa4 26. bxa4 Rc8 27.
Nc5 Nxc5 28. Bxc5 Ke7 29. Bxd6+ Kxd6 30. Rc3 Rb8 31. b3 Rb4 32. Rd3+ Kc7 33.
Rc5 Ra7 34. Rdc3 Rb6 35. Kd1 Kd6 36. Kc2 Raa6 37. Kb2 Rb4 38. Kc2 Rd4 39. Kc1
g5 40. h3 h5 41. g4 h4 42. Kc2 Rxd2+ 43. Kxd2 Bxb3 44. Rxc6+ Rxc6 45. Rxb3 Rc4
46. Rb6+ Ke7 47. Rb7+ Ke6 48. Rb6+ Kf7 49. Rb7+ Kg6 50. Ra7 Rxa4 51. Ke2 Ra1
52. Kf2 a4 53. Kg2 a3 54. Kh2 a2 55. Kg2 Kh6 56. Kh2 Rf1 57. Rxa2 Rxf3 58. Ra4
Kg6 59. Ra7 Re3 60. Kg2 Re2+ 0-1

[Event "OLNN 1718 Schachfreunde Schwerin - SC D"]
[Site "?"]
[Date "2018.03.18"]
[Round "8.2"]
[White "Schulz, Karsten"]
[Black "Korba, Roman"]
[Result "1/2-1/2"]
[WhiteElo "2253"]
[BlackElo "2142"]
[PlyCount "161"]
[EventDate "2018.??.??"]

1. Nf3 d5 2. g3 Nf6 3. Bg2 c6 4. O-O Bf5 5. d3 e6 6. c4 dxc4 7. dxc4 Nbd7 8.
Nc3 h6 9. b3 Be7 10. Bb2 O-O 11. Qd2 Qc7 12. Rad1 Rad8 13. Qc1 Rfe8 14. Na4 a5
15. c5 Ne4 16. Ba3 e5 17. Nd2 Bg5 18. e3 Nxf2 19. Kxf2 Nf6 20. Nc4 Bd3 21. Rxd3
Rxd3 22. Ke2 e4 23. Nab2 Rd5 24. Nd6 Qd7 25. Nbc4 Qg4+ 26. Kf2 Re7 27. Qe1 h5
28. h3 Qe6 29. Kg1 Rd3 30. Qxa5 Bxe3+ 31. Nxe3 Rxe3 32. Nf5 Re2 33. Nd4 Rxg2+
34. Kxg2 Qd5 35. Qc3 e3+ 36. Nf3 h4 37. Qd4 Qf5 38. Ne1 Qh5 39. g4 Qg6 40. Bb2
Nd5 41. Rf5 e2 42. Kf2 f6 43. Qd3 Ne3 44. Qxe3 Rxe3 45. Kxe3 Qe8+ 46. Kf2 Qe4
47. Rf3 Qb1 48. Bd4 Qxa2 49. Re3 Qd2 50. Bc3 Qd5 51. b4 Qc4 52. Bd2 Kf7 53. Nd3
b6 54. cxb6 Qb5 55. Kxe2 Qxb6 56. Nc5 Qb8 57. Kd3 Qd6+ 58. Kc3 Qd5 59. Rd3 Qg2
60. Nb7 g6 61. Nc5 Qh2 62. Kb3 f5 63. gxf5 gxf5 64. Bc3 Qg2 65. Rd7+ Ke8 66.
Bf6 Qxh3+ 67. Ka4 Qe3 68. Bxh4 Kf8 69. Re7 Qd2 70. Ka5 Qc3 71. Nd7+ Kg8 72. Bf6
Qa3+ 73. Kb6 Qxb4+ 74. Kc7 Qa5+ 75. Kxc6 Qa4+ 76. Kd6 Qa6+ 77. Ke5 Qe2+ 78.
Kxf5 Qg4+ 79. Ke5 Qd4+ 80. Ke6 Qd5+ 81. Kxd5 1/2-1/2

[Event "OLNN 1718 Schachfreunde Schwerin - SC D"]
[Site "?"]
[Date "2018.03.18"]
[Round "8.3"]
[White "Schulenburg, Torben"]
[Black "Wolf, Christoph"]
[Result "1/2-1/2"]
[WhiteElo "2176"]
[BlackElo "2193"]
[PlyCount "32"]
[EventDate "2018.??.??"]

1. d4 d5 2. c4 e6 3. Nf3 Nf6 4. g3 Be7 5. Bg2 O-O 6. Nbd2 c5 7. cxd5 Nxd5 8.
O-O Nc6 9. dxc5 Bxc5 10. a3 b6 11. e4 Nf6 12. b4 Be7 13. Qe2 Nd4 14. Nxd4 Qxd4
15. Nb3 Qc3 16. Qa2 Bb7 1/2-1/2

[Event "OLNN 1718 Schachfreunde Schwerin - SC D"]
[Site "?"]
[Date "2018.03.18"]
[Round "8.4"]
[White "Reichmann, Hendrik"]
[Black "Gottuk, Stefan"]
[Result "1-0"]
[WhiteElo "2334"]
[BlackElo "2179"]
[PlyCount "89"]
[EventDate "2018.??.??"]

1. d4 f5 2. Bf4 Nf6 3. e3 e6 4. Nf3 b6 5. Nbd2 Bb7 6. Bd3 Be7 7. h3 O-O 8. Qe2
Ne4 9. h4 Nxd2 10. Kxd2 Bxf3 11. Qxf3 d5 12. g4 Nc6 13. c3 Na5 14. gxf5 exf5
15. Rag1 Rf7 16. Be5 Qd7 17. Rg2 Bf8 18. Rg5 Re8 19. b3 Nc6 20. Bf4 Ne7 21.
Rhg1 c6 22. Be5 g6 23. h5 Bg7 24. hxg6 hxg6 25. Rxg6 Nxg6 26. Rxg6 Kf8 27.
Bxg7+ Rxg7 28. Bxf5 Qf7 29. Rxc6 Rg5 30. Bg4 Rxg4 31. Rf6 Rg7 32. Kd3 Rd8 33.
c4 Ke8 34. Rxf7 Rxf7 35. Qh5 dxc4+ 36. bxc4 Rdd7 37. f4 Kd8 38. d5 Rh7 39. Qg5+
Kc7 40. Qg6 Rhg7 41. Qc6+ Kd8 42. d6 Rb7 43. e4 a6 44. e5 b5 45. c5 1-0

[Event "OLNN 1718 Schachfreunde Schwerin - SC D"]
[Site "?"]
[Date "2018.03.18"]
[Round "8.5"]
[White "Laqua, Christian"]
[Black "Rittemann, Steffen"]
[Result "1/2-1/2"]
[WhiteElo "2131"]
[BlackElo "2173"]
[PlyCount "32"]
[EventDate "2018.??.??"]

1. c4 g6 2. g3 Bg7 3. Bg2 Nf6 4. Nc3 O-O 5. d3 c5 6. Rb1 Nc6 7. a3 a5 8. Bg5 d6
9. Nf3 h6 10. Bd2 Be6 11. O-O Qd7 12. Na4 Ra6 13. b3 Bh3 14. Bc3 Qg4 15. Bxf6
Bxf6 16. Qd2 Kh7 1/2-1/2

[Event "OLNN 1718 Schachfreunde Schwerin - SC D"]
[Site "?"]
[Date "2018.03.18"]
[Round "8.6"]
[White "Grahl, Arvid"]
[Black "Woelk, Tom-Frederic"]
[Result "1/2-1/2"]
[WhiteElo "2203"]
[BlackElo "2149"]
[PlyCount "66"]
[EventDate "2018.??.??"]

1. d4 Nf6 2. c4 c5 3. d5 e6 4. Nc3 exd5 5. cxd5 d6 6. Nf3 g6 7. Bf4 a6 8. a4
Bg7 9. h3 O-O 10. e3 Re8 11. Nd2 Nh5 12. Bh2 Be5 13. Bxe5 Rxe5 14. Nc4 Re8 15.
Be2 Nf6 16. O-O Qe7 17. Nb6 Ra7 18. a5 Nbd7 19. Nca4 Ne5 20. b4 cxb4 21. Rb1
Bd7 22. Rxb4 Bxa4 23. Qxa4 Ned7 24. Rc1 Nc5 25. Qd1 Nfd7 26. Nc4 Raa8 27. Qd4
Rac8 28. Bd1 Rc7 29. Ba4 Nxa4 30. Rxa4 Ne5 31. Rb1 Nxc4 32. Rxc4 Rec8 33. Rbc1
Rxc4 1/2-1/2

[Event "OLNN 1718 Schachfreunde Schwerin - SC D"]
[Site "?"]
[Date "2018.03.18"]
[Round "8.7"]
[White "Kilic, Oguz"]
[Black "Heinsohn, Wilfried"]
[Result "1-0"]
[WhiteElo "2030"]
[BlackElo "2178"]
[PlyCount "77"]
[EventDate "2018.??.??"]

1. e4 c5 2. Nc3 Nc6 3. g3 g6 4. Bg2 Bg7 5. d3 d6 6. Nh3 e6 7. O-O Nge7 8. Be3
O-O 9. Qd2 Rb8 10. Bh6 b5 11. Bxg7 Kxg7 12. f4 Nd4 13. Nd1 b4 14. Ne3 f5 15. g4
d5 16. Qf2 dxe4 17. dxe4 fxe4 18. Bxe4 Qc7 19. Qg2 Kh8 20. Ng5 h6 21. Nh3 Ba6
22. Rf2 Rbd8 23. Re1 Bc8 24. Nc4 Ndc6 25. Bd3 Rd4 26. Re4 Kg7 27. Rxd4 Nxd4 28.
Ne5 Bb7 29. Be4 Ba6 30. Rd2 Rd8 31. c3 bxc3 32. bxc3 Nb5 33. Rxd8 Qxd8 34. Qc2
Qe8 35. Qd3 Nc7 36. Qd6 Ned5 37. Bxd5 Nxd5 38. Qxa6 Qb8 39. Qd3 1-0

[Event "OLNN 1718 Schachfreunde Schwerin - SC D"]
[Site "?"]
[Date "2018.03.18"]
[Round "8.8"]
[White "Hornych, Christoph"]
[Black "Mueller-Navarra, Sylvin"]
[Result "1-0"]
[WhiteElo "2167"]
[BlackElo "1936"]
[PlyCount "60"]
[EventDate "2018.??.??"]

1. e4 e6 2. c4 c5 3. Nc3 Nc6 4. Nf3 d6 5. d4 cxd4 6. Nxd4 a6 7. Be2 Be7 8. Be3
Nf6 9. O-O O-O 10. Qd2 Nxd4 11. Bxd4 Bd7 12. Rfd1 Bc6 13. f3 Ne8 14. b4 Rc8 15.
a4 e5 16. Be3 f5 17. b5 Bd7 18. Qd5+ Rf7 19. Qxb7 Be6 20. Bb6 Bg5 21. Qxf7+
Kxf7 22. Bxd8 Be3+ 23. Kf1 Rxd8 24. exf5 Bxf5 25. Nd5 Bd4 26. Rxd4 exd4 27. Rd1
Bc2 28. Rxd4 Bxa4 29. bxa6 g5 30. Nb6 Ke7 1-0

[Event "OLNN 1718 SK Marmstorf - Lübecker SV"]
[Site "?"]
[Date "2018.03.18"]
[Round "8.1"]
[White "Kreuzholz, Michael"]
[Black "Hebbinghaus, Holger"]
[Result "1/2-1/2"]
[WhiteElo "2330"]
[BlackElo "2248"]
[PlyCount "35"]
[EventDate "2018.??.??"]

1. e4 e5 2. Nf3 Nc6 3. Bc4 Bc5 4. c3 Nf6 5. d4 exd4 6. cxd4 Bb4+ 7. Nc3 Nxe4 8.
O-O Bxc3 9. d5 Bf6 10. Re1 Ne7 11. Rxe4 d6 12. Bg5 Bxg5 13. Nxg5 h6 14. Qd2
hxg5 15. Rae1 Be6 16. dxe6 f6 17. R4e3 c6 18. Rh3 {(=)} 1/2-1/2